Inžinierska ekológia /

Na minha lista:
Detalhes bibliográficos
Main Authors: Ľubomír Kubík (Author), Michal Valach (Author), Ľubomír Híreš (Author)
Formato: Livro
Idioma:eslovaco
Publicado em: Nitra : Slovenská poľnohospodárska univerzita, 2016
Tags: Adicionar Tag
Sem tags, seja o primeiro a adicionar uma tag!

MARC

LEADER 00000nam a22000003a 4500
001 0066864
003 SK-STU
005 20180831112349.0
007 ta
008 180831s ----xo-----e------000-0-----d
020 |a 978-80-552-1526-6 
040 |a STU  |b slo 
041 0 |a slo 
044 |a xo 
100 1 |a Ľubomír Kubík  |4 aut  |r Z5 
245 1 0 |a Inžinierska ekológia /  |c aut. Ľubomír Kubík, Michal Valach, Ľubomír Híreš 
260 |a Nitra :  |b Slovenská poľnohospodárska univerzita,  |c 2016 
300 |a 177 s. 
700 1 |a Michal Valach  |r Z5  |4 aut 
700 1 |a Ľubomír Híreš  |r Z5  |4 aut 
996 |b 284EK89973  |c E* 89973  |l EE32  |s P  |a 0  |w 0066864_0001